Nation Branding as a Presentation Tool of Slovak Republic abroad

Problematika prezentácie štátu v zahraničí. Autor zameriava svoju pozornosť na výskum oblasti nation branding-u, ktorý sa javí byť ideálnym prostriedkom na propagovanie malých štátov v cudzine. Cieľom branding-u je vytvoriť v zahraničí jedinečný obraz krajiny či regiónu. Predkladaný príspevok ponúk...

Full description

Saved in:
Bibliographic Details
Main Author: Držka, Michal, 1989-
Format: Book Chapter
Language:English
Subjects:
Tags: Add Tag
No Tags, Be the first to tag this record!

MARC

LEADER 00000nla a2200000 4500
001 0183850
005 20240502073140.7
041 0 |a eng 
044 |a SK 
245 1 0 |a Nation Branding as a Presentation Tool of Slovak Republic abroad  |c Michal Držka 
520 |a Problematika prezentácie štátu v zahraničí. Autor zameriava svoju pozornosť na výskum oblasti nation branding-u, ktorý sa javí byť ideálnym prostriedkom na propagovanie malých štátov v cudzine. Cieľom branding-u je vytvoriť v zahraničí jedinečný obraz krajiny či regiónu. Predkladaný príspevok ponúka návod a sériu príkladov na to, ako si vytvoriť správnu branding stratégiu. Osobitá pozornosť je venovaná jednotnej prezentácie Slovenska v zahraničí s využitím nástrojov nation branding-u. 
610 2 0 |a štát 
610 2 0 |a prezentácia 
610 2 0 |a propagácia 
610 2 0 |a Slovensko 
100 1 |a Držka, Michal, 1989-